| 000 | 00695na a2200253 4500 | ||
|---|---|---|---|
| 001 | 19083 | ||
| 003 | MIRAKIL | ||
| 005 | 20181213155155.0 | ||
| 008 | 161208b tu 000 0 | ||
| 035 | _a19083 | ||
| 040 |
_aMilas _btur _cTR-AnCHP |
||
| 041 | _atur | ||
| 082 |
_a320.9561 _bK26u [t.y.] |
||
| 090 | _a320.9561 K26u [t.y.] | ||
| 100 | _aKaraalioğlu, Mustafa | ||
| 245 |
_aUygun adım siyaset _cMustafa Karaalioğlu |
||
| 260 |
_aİstanbul _bKitabevi _c[t. y.] |
||
| 300 |
_a200 s. _c21 sm. |
||
| 490 |
_aKitabevi _v123 |
||
| 651 |
_aTürkiye _xSiyaset ve yönetim _yDenemler |
||
| 651 |
_aTürkiye _xSiyasal yaşam _yDenemeler |
||
| 657 | _aSiyasi denemeler | ||
| 942 |
_2ddc _cBKS |
||
| 999 |
_c7959 _d7959 |
||